[Event "IECG WC.2009.S.00005 email"]
[Site "IECG email"]
[Date "2006.09.09"]
[Round "?"]
[White "Capezzali, Roberto"]
[Black "Schulze, Michael"]
[Result "0-1"]
[WhiteElo "1931"]
[BlackElo "2315"]
[PlyCount "35"]
[EventDate "2006.09.09"]
[EventType "tourn (corr)"]
[EventRounds "6"]
[SourceTitle "Corr 2011"]
[Source "ChessBase"]
[SourceDate "2010.08.31"]
[SourceVersion "1"]
[SourceVersionDate "2010.08.31"]
[SourceQuality "1"]

1. d4 Nf6 2. c4 e6 3. Nf3 d5 4. Nc3 c6 5. Bg5 h6 6. Bh4 Nbd7 7. e3 Be7 8. Qc2 b6 9. Bd3 Ba6 10. b3 b5 11. cxb5 cxb5 12. Qb2 Rc8 13. b4 Nb6 14. a4 g5 15. Bg3 Ne4 16. axb5 Rxc3 17. Bxe4 dxe4 18. Qxc3 0-1

[Event "IECG WC.2009.S.00005 email"]
[Site "IECG email"]
[Date "2006.09.09"]
[Round "?"]
[White "Maduekwe, Chiedu U"]
[Black "Capezzali, Roberto"]
[Result "1-0"]
[WhiteElo "2273"]
[BlackElo "1931"]
[PlyCount "43"]
[EventDate "2006.09.09"]
[EventType "tourn (corr)"]
[EventRounds "6"]
[SourceTitle "Corr 2011"]
[Source "ChessBase"]
[SourceDate "2010.08.31"]
[SourceVersion "1"]
[SourceVersionDate "2010.08.31"]
[SourceQuality "1"]

1. d4 Nf6 2. c4 g6 3. Nc3 d5 4. cxd5 Nxd5 5. e4 Nxc3 6. bxc3 Bg7 7. Nf3 c5 8. Rb1 0-0 9. Be2 cxd4 10. cxd4 Qa5+ 11. Bd2 Qxa2 12. 0-0 Bg4 13. Bg5 h6 14. Be3 b6 15. h3 Bxf3 16. Bxf3 e5 17. d5 Nd7 18. Ra1 Qb2 19. Qa4 Nc5 20. Qc6 Rfd8 21. Rfb1 Qc3 22. h4 1-0

[Event "IECG WC.2009.P.00026"]
[Site "IECG email"]
[Date "2005.02.28"]
[Round "?"]
[White "Capezzali, Roberto"]
[Black "Kharitonov, Aleksandr Alekseevi"]
[Result "1/2-1/2"]
[WhiteElo "1936"]
[BlackElo "2234"]
[PlyCount "39"]
[EventDate "2005.02.28"]
[EventType "tourn (corr)"]
[EventRounds "6"]
[SourceTitle "Corr 2008"]
[Source "ChessBase"]
[SourceDate "2008.06.24"]
[SourceVersion "1"]
[SourceVersionDate "2008.06.24"]
[SourceQuality "1"]

1. d4 d5 2. c4 dxc4 3. Nf3 Nf6 4. e3 e6 5. Bxc4 c5 6. Qe2 a6 7. dxc5 Bxc5 8. e4 b5 9. Bd3 Nc6 10. 0-0 Nb4 11. Rd1 0-0 12. Nc3 Qb6 13. Bb1 Ng4 14. Rf1 f6 15. h3 Ne5 16. Nxe5 fxe5 17. a3 Nc6 18. Ba2 Ra7 19. Be3 Bxe3 20. fxe3 1/2-1/2

[Event "IECG QA.2004.0.00052"]
[Site "IECG email"]
[Date "2004.06.02"]
[Round "?"]
[White "Capezzali, Roberto"]
[Black "Hughes, Gregory"]
[Result "1-0"]
[WhiteElo "1846"]
[BlackElo "2143"]
[PlyCount "41"]
[EventDate "2004.06.02"]
[EventType "tourn (corr)"]
[EventRounds "6"]
[SourceTitle "Corr 2008"]
[Source "ChessBase"]
[SourceDate "2008.06.24"]
[SourceVersion "1"]
[SourceVersionDate "2008.06.24"]
[SourceQuality "1"]

1. d4 e6 2. c4 d5 3. Nc3 Nf6 4. cxd5 exd5 5. Bg5 Be7 6. e3 0-0 7. Bd3 Nbd7 8. Qc2 Re8 9. Nge2 c6 10. 0-0 Nf8 11. f3 h6 12. Bh4 Ne6 13. Rad1 b6 14. Bf2 Bb7 15. e4 Rc8 16. e5 Nd7 17. f4 c5 18. Bf5 cxd4 19. Nxd4 Ndc5 20. Be3 Qd7 21. Qf2 1-0

[Event "IECG QA.2004.0.00052"]
[Site "IECG email"]
[Date "2004.06.02"]
[Round "?"]
[White "Capezzali, Roberto"]
[Black "Korchut, Adam"]
[Result "1/2-1/2"]
[WhiteElo "1846"]
[BlackElo "2041"]
[PlyCount "73"]
[EventDate "2004.06.02"]
[EventType "tourn (corr)"]
[EventRounds "6"]
[SourceTitle "Corr 2008"]
[Source "ChessBase"]
[SourceDate "2008.06.24"]
[SourceVersion "1"]
[SourceVersionDate "2008.06.24"]
[SourceQuality "1"]

1. d4 d5 2. c4 dxc4 3. Nf3 Nf6 4. e3 e6 5. Bxc4 c5 6. 0-0 a6 7. a4 Nc6 8. Qe2 Be7 9. Rd1 Qc7 10. Nc3 0-0 11. h3 Rd8 12. d5 exd5 13. Nxd5 Nxd5 14. Bxd5 Nb4 15. Bc4 Bf5 16. Rxd8+ Rxd8 17. e4 Be6 18. Bxe6 fxe6 19. Bg5 Nd3 20. Bxe7 Qxe7 21. b3 Nf4 22. Qe3 e5 23. Kh2 Ne6 24. Rc1 Nd4 25. a5 Rf8 26. Rc4 Rf6 27. Nh4 g6 28. Nf3 b6 29. axb6 Rxb6 30. Rc3 Rb4 31. Qd3 Kg7 32. Qxa6 Rxb3 33. Rxb3 Nxb3 34. Qc4 Nd4 35. Ne1 Qb7 36. Qxc5 Qxe4 37. Qe7+ 1/2-1/2

[Event "IECG WC.2008.P.00018 email"]
[Site "IECG email"]
[Date "2004.03.05"]
[Round "?"]
[White "Capezzali, Roberto"]
[Black "Gazen, Louis"]
[Result "1-0"]
[WhiteElo "1834"]
[BlackElo "1731"]
[PlyCount "43"]
[EventDate "2004.03.05"]
[EventType "tourn (corr)"]
[EventRounds "6"]
[SourceTitle "Corr 2008"]
[Source "ChessBase"]
[SourceDate "2008.06.24"]
[SourceVersion "1"]
[SourceVersionDate "2008.06.24"]
[SourceQuality "1"]

1. d4 Nf6 2. c4 c5 3. d5 e6 4. Nf3 d6 5. Nc3 exd5 6. cxd5 g6 7. e4 Bg7 8. h3 a6 9. a4 0-0 10. Bd3 Re8 11. 0-0 Nbd7 12. Bf4 Nh5 13. Bh2 Ne5 14. Nxe5 dxe5 15. Ne2 b6 16. Qc2 Qd6 17. f4 exf4 18. Nxf4 Be5 19. Qf2 f5 20. exf5 Rf8 21. Rae1 Bd4 22. Nxh5 1-0

[Event "IECG WC.2008.P.00018 email"]
[Site "IECG email"]
[Date "2004.03.05"]
[Round "?"]
[White "Topot, Iwan"]
[Black "Capezzali, Roberto"]
[Result "0-1"]
[WhiteElo "1480"]
[BlackElo "1834"]
[PlyCount "48"]
[EventDate "2004.03.05"]
[EventType "tourn (corr)"]
[EventRounds "6"]
[SourceTitle "Corr 2008"]
[Source "ChessBase"]
[SourceDate "2008.06.24"]
[SourceVersion "1"]
[SourceVersionDate "2008.06.24"]
[SourceQuality "1"]

1. e4 c5 2. Nc3 Nc6 3. f4 e6 4. Nf3 d5 5. Bb5 Nge7 6. Qe2 d4 7. Nd1 Qc7 8. 0-0 a6 9. Bxc6+ Nxc6 10. d3 Be7 11. Nf2 b5 12. Bd2 0-0 13. Ng4 f6 14. Qe1 Bb7 15. Nf2 a5 16. Qe2 a4 17. a3 b4 18. Rfb1 Rfb8 19. g3 Bc8 20. Kg2 Bd7 21. e5 f5 22. Nh3 Qb7 23. Kf2 bxa3 24. Rxa3 c4 0-1

[Event "IECG CP.2003.P.00045 email"]
[Site "IECG email"]
[Date "2003.10.01"]
[Round "?"]
[White "Capezzali, Roberto"]
[Black "Guilloux, Jean Yves"]
[Result "1/2-1/2"]
[WhiteElo "1752"]
[BlackElo "2046"]
[PlyCount "93"]
[EventDate "2003.10.01"]
[EventType "tourn (corr)"]
[EventRounds "6"]
[EventCountry "SVK"]
[SourceTitle "Corr 2008"]
[Source "ChessBase"]
[SourceDate "2008.06.24"]
[SourceVersion "1"]
[SourceVersionDate "2008.06.24"]
[SourceQuality "1"]

1. d4 d5 2. c4 c6 3. Nf3 Nf6 4. Nc3 e6 5. Bg5 dxc4 6. e4 b5 7. e5 h6 8. Bh4 g5 9. Nxg5 hxg5 10. Bxg5 Nbd7 11. exf6 Bb7 12. g3 c5 13. d5 Qb6 14. Bg2 0-0-0 15. 0-0 b4 16. Rb1 Qa6 17. dxe6 Bxg2 18. e7 Bb7 19. Na4 Qc6 20. exd8Q+ Kxd8 21. f3 Kc8 22. Qe2 Bd6 23. Rbd1 Ne5 24. Bf4 Re8 25. Bxe5 Bxe5 26. Qxc4 Qxa4 27. Qxc5+ Kb8 28. Rfe1 Bc7 29. b3 Rxe1+ 30. Rxe1 Qxa2 31. Qf8+ Bc8 32. Qxb4+ Bb6+ 33. Kh1 Qb2 34. Qb5 Qxf6 35. Qe5+ Qxe5 36. Rxe5 Be6 37. b4 Kc7 38. h4 Kd6 39. Rg5 Bd5 40. Kg2 a5 41. bxa5 Bxa5 42. h5 Bd2 43. Rg8 Ke7 44. g4 f5 45. Rg7+ Kf6 46. Rg6+ Ke5 47. Kf2 1/2-1/2

[Event "IECG CP.2003.P.00045 email"]
[Site "IECG email"]
[Date "2003.10.01"]
[Round "?"]
[White "Capezzali, Roberto"]
[Black "Vermaas, Fred"]
[Result "1-0"]
[WhiteElo "1752"]
[BlackElo "1582"]
[PlyCount "39"]
[EventDate "2003.10.01"]
[EventType "tourn (corr)"]
[EventRounds "6"]
[EventCountry "SVK"]
[SourceTitle "Corr 2008"]
[Source "ChessBase"]
[SourceDate "2008.06.24"]
[SourceVersion "1"]
[SourceVersionDate "2008.06.24"]
[SourceQuality "1"]

1. d4 f5 2. g3 Nf6 3. Bg2 e6 4. Nh3 d5 5. 0-0 Bd6 6. Bf4 c6 7. Nd2 0-0 8. c4 Be7 9. Nf3 dxc4 10. Ne5 Na6 11. Rc1 Nd5 12. Rxc4 Nac7 13. Qd2 Nxf4 14. Nxf4 Nd5 15. e3 a5 16. Nfd3 Qc7 17. Rfc1 Bd7 18. Nc5 Bxc5 19. Rxc5 Qb6 20. Nxd7 1-0